书目信息 |
| 题名: |
儿童早期发展前沿研究国际会议论文集
|
|
| 作者: | 柏毅 主编 | |
| 分册: | ||
| 出版信息: | 南京 东南大学出版社 2014.09 |
|
| 页数: | 489页 | |
| 开本: | 25cm | |
| 丛书名: | ||
| 单 册: | ||
| 中图分类: | G61-53 | |
| 科图分类: | ||
| 主题词: | 儿童教育--早期教育--国际学术会议--文集 | |
| 电子资源: | ||
| ISBN: | 978-7-5641-5185-0 | |
| 000 | 01138nam0 2200253 450 | |
| 001 | 0120151613687 | |
| 005 | 20160704084303.70 | |
| 010 | @a978-7-5641-5185-0@dCNY80.00 | |
| 100 | @a20150717d2014 em y0chiy50 ea | |
| 101 | 0 | @achi@aeng |
| 102 | @aCN@b320000 | |
| 105 | @aafk z 000yy | |
| 106 | @ar | |
| 200 | 1 | @a儿童早期发展前沿研究国际会议论文集@9er tong zao qi fa zhan qian yan yan jiu guo ji hui yi lun wen ji@dInternational symposium on cutting-edge research of early child development@f柏毅主编@zeng |
| 210 | @a南京@c东南大学出版社@d2014.09 | |
| 215 | @a489页@c图,照片@d25cm | |
| 330 | @a本书收录了“儿童早期发展前沿研究国际会议”的论文,包含:儿童早期发展的内容和教育标准的制定及其科学依据、儿童早期发展的前沿研究成果和关键问题、神经科学视野下儿童社会情绪能力发展的研究、神经科学视野下儿童语言发展的研究等五个议题。 | |
| 333 | @a教育研究者 | |
| 510 | 1 | @aInternational symposium on cutting-edge research of early child development@zeng |
| 606 | 0 | @a儿童教育@x早期教育@x国际学术会议@j文集 |
| 690 | @aG61-53@v5 | |
| 701 | 0 | @a柏毅@9bai yi@4主编 |
| 801 | 0 | @aCN@b人天书店@c20150717 |
| 905 | @b879922-27@dG61-53@e387@f6 | |
| 儿童早期发展前沿研究国际会议论文集=International symposium on cutting-edge research of early child development/柏毅主编.-南京:东南大学出版社,2014.09 |
| 489页:图,照片;25cm |
| 使用对象:教育研究者 |
| ISBN 978-7-5641-5185-0:CNY80.00 |
| 本书收录了“儿童早期发展前沿研究国际会议”的论文,包含:儿童早期发展的内容和教育标准的制定及其科学依据、儿童早期发展的前沿研究成果和关键问题、神经科学视野下儿童社会情绪能力发展的研究、神经科学视野下儿童语言发展的研究等五个议题。 |
| ● |
| 相关链接 |
|
|
|
|
正题名:儿童早期发展前沿研究国际会议论文集
索取号:G61-53/387
 
预约/预借
| 序号 | 登录号 | 条形码 | 馆藏地/架位号 | 状态 | 备注 |
| 1 | 879922 | 208799228 | 第一样本阅览室/ [索取号:G61-53/387] | 在馆 | |
| 2 | 879923 | 208799237 | 教育系资料室/ [索取号:G61-53/387] | 在馆 | |
| 3 | 879924 | 208799246 | 教育系资料室/ [索取号:G61-53/387] | 在馆 | |
| 4 | 879925 | 208799255 | 教育系资料室/ [索取号:G61-53/387] | 在馆 | |
| 5 | 879926 | 208799264 | 第四借阅区/ [索取号:G61-53/387] | 在馆 | |
| 6 | 879927 | 208799273 | 第四借阅区/ [索取号:G61-53/387] | 在馆 |